| 000 | 00578cam a22001815a 4500 | ||
|---|---|---|---|
| 001 | L156578 | ||
| 008 | 120611s1986 xxk f 000 0 eng d | ||
| 035 | _a(Sirsi) u156578 | ||
| 041 | 0 | _aeng | |
| 110 | 2 |
_aIncorporated Society of Valuers and Auctioneers _91201 |
|
| 245 | 0 | 0 | _aPetition of the Incorporated Society of Valuers and Auctioneers |
| 260 |
_a[London] _b[ISVA] _c[1986] |
||
| 300 |
_a30 p. _c34 cm. |
||
| 520 | _aA petition with regards to the granting of a Royal Charter to the ISVA. | ||
| 651 | 4 |
_aGreat Britain _y1707- |
|
| 690 |
_aValuation _96273 |
||
| 942 | _n0 | ||
| 999 |
_c114298 _d114298 |
||